00841nam a22001817a 450000500170000000800410001702000180005805000270007624501880010326000400029130000270033165000480035865000570040665000580046370000440052170000440056570000500060920260305131741.0260305b mx ||||| |||| 00| 0 spa d a978841197146104aHV5840.M42 bV56 202400aViolencia, criminalidad y delito en Sinaloa b : del siglo XX al pasado recientec / coordinadores : Félix Brito odríguez, Diana María Perea Romo, Mayra Lizzete Vidales Quintero aMéxico :bTirant lo blanch,c2024 a418 páginas ;c22 cm 72lembaViolenciazMéxicozSinaloa (Estado) 72lembaCrimen organizadozMéxicozSinaloa (Estado)  72lembaTráfico de drogaszMéxicozSinaloa (Estado)1 aBrito Rodríguez, Félixecoordinador1 aPerea Romo, Diana Maríaecoordinadora1 aVidales Quintero, Mayra Lizzeteecoordinadora